Robert Capa / introduction par Jean Lacouture
ISBN:
209-754127-5
Descripción Física:
[136] p. : principalment fot. ; 19 cm
Colección:
Photo Poche ; 36
Otros Autores:
Lacouture, Jean
MARC
| LEADER | 00000nam a2200000Ia 4500 | ||
|---|---|---|---|
| 001 | 20898 | ||
| 008 | 160829s1998 xx 000 0 cat d | ||
| 020 | |a 209-754127-5 | ||
| 080 | |a M-6-107 | ||
| 245 | |a Robert Capa / introduction par Jean Lacouture | ||
| 260 | |a Paris : |b Nathan, |c 1998 | ||
| 300 | |a [136] p. : |b principalment fot. ; |c 19 cm | ||
| 490 | |a Photo Poche ; 36 | ||
| 650 | |a Capa, Robert |9 41246 | ||
| 650 | |a Fotògrafs |x Estats Units d'Amèrica |x Biografia |9 41247 | ||
| 650 | |a Fotografia de guerra |9 41248 | ||
| 700 | |a Lacouture, Jean |9 41249 | ||
| 901 | |a Arxiu | ||
| 942 | |n 1 | ||
| 952 | |0 0 |1 0 |4 0 |6 M6107 |7 1 |9 50110 |a Arxiu |b Arxiu |d 2016-12-01 |l 0 |o M-6-107 |p 20898 |r 2016-12-01 00:00:00 |w 2016-12-01 |y ARXIU | ||
| 999 | |c 53952 |d 53952 | ||